00396 2200145 4500245009200000020002200092250001100114100001600125650002500141005001900166260003300185041001400218084000900232336000900241 aEnsiklopedia Jakarta b : Jakarta Tempo DoeLoe, Kini & Esok Jilid 1cEni SetiatihText a978-979-3535-50-4 aCet. 1 aEni Setiati aEnsiklopedia Jakarta a20240820104246 aJakartabLENTERA ABADIc2009 aIndonesia aNONE atext